Mothers' aid, 1931 ... (Record no. 36104)
[ view plain ]
| 000 -LEADER | |
|---|---|
| fixed length control field | 00929cam a22002531 4500 |
| 001 - CONTROL NUMBER | |
| control field | l 33000117 |
| 003 - CONTROL NUMBER IDENTIFIER | |
| control field | DLC |
| 005 - DATE AND TIME OF LATEST TRANSACTION | |
| control field | 20260227111534.0 |
| 008 - FIXED-LENGTH DATA ELEMENTS--GENERAL INFORMATION | |
| fixed length control field | 820626s1933 xx a 000 0 eng |
| 010 ## - LIBRARY OF CONGRESS CONTROL NUMBER | |
| LC control number | l 33000117 |
| 035 ## - SYSTEM CONTROL NUMBER | |
| System control number | (OCoLC)14735342 |
| 040 ## - CATALOGING SOURCE | |
| Original cataloging agency | DLC |
| Transcribing agency | DNLM |
| Modifying agency | OCoLC |
| -- | DLC |
| 042 ## - AUTHENTICATION CODE | |
| Authentication code | premarc |
| 050 00 - LIBRARY OF CONGRESS CALL NUMBER | |
| Classification number | HV741 |
| Item number | .A32 no. 220 |
| 060 0# - NATIONAL LIBRARY OF MEDICINE CALL NUMBER | |
| Classification number | W1 |
| Item number | UN6181 no.220 1933 |
| 110 1# - MAIN ENTRY--CORPORATE NAME | |
| Corporate name or jurisdiction name as entry element | United States. |
| Subordinate unit | Children's Bureau. |
| 245 10 - TITLE STATEMENT | |
| Title | Mothers' aid, 1931 ... |
| 260 ## - PUBLICATION, DISTRIBUTION, ETC. | |
| Place of publication, distribution, etc. | Washington, |
| Name of publisher, distributor, etc. | U.S. Govt. print. off., |
| Date of publication, distribution, etc. | 1933. |
| 300 ## - PHYSICAL DESCRIPTION | |
| Extent | v, 39 p. |
| Other physical details | ill. |
| 490 1# - SERIES STATEMENT | |
| Series statement | Bureau publication |
| Volume/sequential designation | no. 220 |
| 500 ## - GENERAL NOTE | |
| General note | At head of title: United States Department of labor. Frances Perkins, secretary. Children's bureau. Grace Abbott, chief. |
| 500 ## - GENERAL NOTE | |
| General note | "A similar survey was made by the Children's bureau in 1921 and 1922." - Letter of transmittal. |
| 810 1# - SERIES ADDED ENTRY--CORPORATE NAME | |
| Corporate name or jurisdiction name as entry element | United States. |
| Subordinate unit | Children's Bureau. |
| Title of a work | Publication ; |
| Volume/sequential designation | no. 220. |
No items available.